| 000 | 01148cam a2200361 i 4500 | ||
|---|---|---|---|
| 001 | 41936 | ||
| 003 | Mx-PuUPA | ||
| 005 | 20251015100845.0 | ||
| 008 | 140415s1972 sp gr 001 f spa d | ||
| 017 | _aB. 21538-1972 | ||
| 040 |
_cMx-PuUPA _aMx-PuUPA _bspa _dMx-PuUPA _erda |
||
| 041 | 1 |
_aspa _heng |
|
| 043 | _ae-uk-en | ||
| 100 | 1 |
_aGreene, Graham, _d1904-1991 _913830 _eautor |
|
| 240 | 1 | 4 |
_aThe confidential agent. _lEspañol |
| 245 | 1 | 3 |
_aEl agente confidencial / _bGraham Greene |
| 264 | 1 |
_aBarcelona : _bLuis de Caralt ; _bEditoriales GP, _c©1972 |
|
| 300 |
_a250 Paginas; _c18 cm |
||
| 336 |
_2rdacontent _atexto _btxt |
||
| 337 |
_2rdamedia _asin medio _bn |
||
| 338 |
_2rdacarrier _avolumen _bnc |
||
| 490 | 0 |
_aLibros Reno ; _v419 |
|
| 650 | 7 |
_2armarc _aNovela de suspenso |
|
| 650 | 7 |
_2armarc _aNovela Inglesa |
|
| 650 | 7 |
_2armarc _aAsesinato _vNovela |
|
| 651 | 4 |
_aInglarterra _vNovela |
|
| 655 | 4 | _aNovela Inglesa | |
| 765 | 0 |
_aGreene, Graham _tThe condifential agent |
|
| 942 |
_2ddc _cLI _h823 _iG7818 |
||
| 999 |
_c41936 _d41936 |
||